000 00970nam a2200277 a 4500
001 68388
003 BD-RjUL
005 20211209081749.0
008 170402s1971 nyua b 001 0 eng
020 _a0471093807
035 _a(BD-RjUL)68598
040 _aDLC
_cDLC
_dBD-RjUL
_beng
041 _aeng
082 0 0 _a004
_223
_bBOI 1971
100 1 _aBoyes, Rodney L.
_9202750
245 1 0 _aIntroduction to electronic computing :
_ba management approach /
_cRodney L. Boyes, Robert W. Shields and Larry G. Greenwell.
260 _aNew York :
_bJohn Wiley & Sons.,
_cc1971.
300 _axv, 336 p. :
_bill. ;
_c24 cm.
490 0 _aThe Wiley series in management and administration
504 _aIncludes bibliography and index
650 0 _aElectronic data processing.
_9202751
700 1 _aShields, Robert W.
_q(Robert William),
_d1942-
_ejoint author.
_9202752
700 1 _aGreenwell, Larry G.,
_ejoint author.
_9202753
942 _2ddc
_cBK
999 _c68388
_d68388